000 00298nam a2200133Ia 4500
008 240624s9999 xx 000 0 und d
041 _aeng
082 _a343.0999 SIN
100 _aSINGH YATINDRA
245 _aCYBER LAWS
260 _c2003
_aDelhi
_bUniversal
300 _axix, : 248
365 _cRS
999 _c1531
_d1531